[Event "London Classic op U1750 8th"]
[Site "London"]
[Date "2016.12.13"]
[Round "2"]
[White "Lekic, Dejan"]
[Black "Vaidya, Raghav"]
[Result "1-0"]
[WhiteElo "1532"]
[BlackElo "1090"]
[PlyCount "87"]
[EventDate "2016.12.12"]
[EventType "swiss"]
[EventRounds "5"]
[EventCountry "ENG"]
[SourceTitle "EXT 2019"]
[Source "ChessBase"]
[SourceDate "2018.10.10"]
[SourceVersion "1"]
[SourceVersionDate "2018.10.10"]
[SourceQuality "1"]

1. Nf3 Nf6 2. g3 g6 3. Bg2 Bg7 4. c4 c5 5. Nc3 Nc6 6. 0-0 0-0 7. e3 e5 8. e4 Re8 9. d3 b6 10. Bg5 h6 11. Be3 Bb7 12. a3 a5 13. Nb5 d6 14. Qd2 a4 15. Bxh6 Ba6 16. Nc3 Kh7 17. Bg5 Rh8 18. Nxa4 Bxc4 19. Nxb6 Qxb6 20. dxc4 Nd4 21. Nxd4 cxd4 22. b4 Qc6 23. Qd3 Rhc8 24. Rfc1 Ra4 25. f3 Nd7 26. Bf1 f6 27. Bd2 Bh6 28. Bxh6 Kxh6 29. Be2 Rca8 30. Bd1 R4a7 31. Qb3 Qb6 32. Qd3 Ra6 33. Ra2 g5 34. Rb1 Qa7 35. a4 Kh5 36. f4+ Kg6 37. h4 gxh4 38. gxh4 exf4 39. e5+ Kf7 40. Qh7+ Ke6 41. Bg4+ f5 42. Bxf5+ Kxe5 43. Re1+ Kf6 44. Qg6# 1-0